[Event "AUTO-ADV-1083"]
[Site "http://www.queenalice.com/game.php?id=481925"]
[Date "2008.10.23"]
[Round "1"]
[White "HeNri_AnArQuia"]
[Black "mett"]
[Result "0-1"]
[WhiteElo "1637"]
[BlackElo "2030"]

1. e4 b6 2. d4 Bb7 3. Bd3 e6 4. Nf3 Ne7 5. Bg5 h6 6. Bh4 g5 7. Bg3 Bg7 8. c3 d6
9. O-O Nd7 10. Nbd2 f5 11. h4 f4 12. Bh2 Bf6 13. g3 e5 14. h5 g4 15. Ne1 f3 16.
dxe5 Nxe5 17. Qa4+ c6 18. Qb3 Qd7 19. Nc4 Nxc4 20. Qxc4 d5 21. exd5 cxd5 22. Qf4
Bg5 23. Qe5 O-O 24. Nc2 Nc6 25. Qe1 Rae8 26. Qd1 Ne5 27. Nd4 Qf7 28. Re1 Qxh5
29. Kh1 Rf6 30. Qa4 a6 31. Bxa6 Bxa6 32. Qxa6 Bd2 0-1

[Event "Challenge"]
[Site "http://www.queenalice.com/game.php?id=484854"]
[Date "2008.10.29"]
[Round "-"]
[White "HeNri_AnArQuia"]
[Black "kalabric"]
[Result "0-1"]
[WhiteElo "1716"]
[BlackElo "1695"]

1. e4 e5 2. Nf3 Nc6 3. Bb5 Qf6 4. c3 a6 5. Ba4 b5 6. Bc2 Bc5 7. d4 exd4 8. O-O
dxc3 9. Nxc3 Nge7 10. Bg5 Qd6 11. Qc1 f6 12. Bh4 Ng6 13. Bg3 Nge5 14. Nxe5 Nxe5
15. Bb3 Bb7 16. Rd1 Qe7 17. Bd5 c6 18. Bb3 h5 19. Ne2 h4 20. Bf4 g5 21. Be3 Bd6
22. f3 a5 23. a3 a4 24. Ba2 O-O-O 25. Qd2 Bc5 26. b4 Bxe3+ 27. Qxe3 Qg7 28. Qc5
g4 29. f4 Nf3+ 30. Kh1 g3 31. gxf3 g2+ 32. Kg1 h3 33. Ng3 Qh6 34. Qf5 Rh7 35.
Rd6 Rf8 36. Rc1 Kb8 37. Bb1 Re7 38. Rxf6 Rxf6 39. Qh5 Qxf4 40. Re1 Rh6 41. Qc5
Qd2 42. Qe3 Qxe3+ 43. Rxe3 Rf6 44. Nf5 Rxf5 45. Kf2 Rxe4 46. Bxe4 Re5 47. Kg1 d5
48. Re1 dxe4 49. fxe4 c5 50. bxc5 Rxe4 51. Rc1 Ba6 52. Rc3 Re1+ 0-1

[Event "AUTO-OPEN-1356"]
[Site "http://www.queenalice.com/game.php?id=502701"]
[Date "2008.12.4"]
[Round "1"]
[White "Prufrock"]
[Black "HeNri_AnArQuia"]
[Result "1-0"]
[WhiteElo "1791"]
[BlackElo "1730"]

1. e4 e5 2. Nf3 d6 3. Bc4 c6 4. O-O b5 5. Bb3 a5 6. a4 b4 7. d3 Be7 8. Nbd2 Nf6
9. Nc4 Bg4 10. h3 Bh5 11. Be3 O-O 12. Bb6 Qd7 13. Bxa5 Bxf3 14. Qxf3 Ra6 15.
Bxb4 c5 16. Bc3 Nc6 17. Qf5 Qxf5 18. exf5 d5 19. Nxe5 Nxe5 20. Bxe5 Nd7 21. Rfe1
Bf6 22. Bxf6 Nxf6 23. g4 d4 24. Re7 Raa8 25. g5 Nh5 26. g6 Kh8 27. Bxf7 Nf4 28.
h4 hxg6 29. fxg6 Nh3+ 30. Kg2 Nf4+ 31. Kh1 Rab8 32. b3 Ne2 33. Rxe2 1-0

[Event "AUTO-OPEN-1356"]
[Site "http://www.queenalice.com/game.php?id=502702"]
[Date "2008.12.4"]
[Round "1"]
[White "HeNri_AnArQuia"]
[Black "Prufrock"]
[Result "0-1"]
[WhiteElo "1745"]
[BlackElo "1772"]

1. e4 c5 2. c3 Nc6 3. d4 cxd4 4. cxd4 e6 5. a3 d5 6. e5 Be7 7. Nf3 Nh6 8. Bxh6
gxh6 9. Qd2 Qb6 10. Nc3 Bg5 11. Nxg5 hxg5 12. Bb5 Bd7 13. Bxc6 Bxc6 14. O-O
O-O-O 15. Rab1 Kb8 16. Qxg5 Qxd4 17. Rfd1 Qb6 18. b4 d4 19. Ne2 Rhg8 20. Qh4 Bf3
21. Kf1 d3 22. Nc3 Bxg2+ 23. Ke1 Bf3 24. Rdc1 d2+ 25. Kf1 dxc1=Q+ 26. Rxc1 Qa6+
27. Ke1 Rg1# 0-1

[Event "AUTO-OPEN-1356"]
[Site "http://www.queenalice.com/game.php?id=502721"]
[Date "2008.12.4"]
[Round "1"]
[White "epc"]
[Black "HeNri_AnArQuia"]
[Result "1-0"]
[WhiteElo "1533"]
[BlackElo "1687"]

1. e4 e5 2. Nf3 d6 3. Bc4 Bg4 4. Nc3 Qf6 5. Nd5 Qd8 6. d3 c6 7. Nb4 Nf6 8. Bg5
Be7 9. O-O O-O 10. h3 Bh5 11. g4 Bg6 12. Nh4 b5 13. Bb3 a5 14. Qd2 axb4 15. Qxb4
h6 16. Bxf6 gxf6 17. Nxg6 Re8 18. a4 Na6 19. Qd2 b4 20. g5 fxg5 21. f4 Kg7 22.
Nxe7 Rxe7 23. fxg5 h5 24. Qf2 Qg8 25. Qf6+ Kf8 26. Rf2 Rd8 27. Raf1 Rdd7 28. Rg2
Qg7 29. g6 Qxf6 30. Rxf6 Nc5 31. g7+ Kg8 32. Rh6 Nxb3 33. Rh8# 1-0

[Event "AUTO-OPEN-1356"]
[Site "http://www.queenalice.com/game.php?id=502722"]
[Date "2008.12.4"]
[Round "1"]
[White "HeNri_AnArQuia"]
[Black "epc"]
[Result "0-1"]
[WhiteElo "1635"]
[BlackElo "1566"]

1. e4 e5 2. c3 Nf6 3. d3 Nc6 4. Bg5 h6 5. Bh4 g5 6. Bg3 d5 7. exd5 Qxd5 8. c4
Qa5+ 9. Nc3 Bb4 10. Qd2 e4 11. a3 Bxc3 12. bxc3 Bf5 13. Ne2 O-O-O 14. d4 Rhe8
15. Nc1 e3 16. fxe3 Ne4 17. Nb3 Qxc3 18. Qxc3 Nxc3 19. Kd2 Ne4+ 20. Kc1 h5 21.
Ra2 Nc3 22. Rf2 Ne7 23. Be5 Ne4 24. Rb2 b6 25. a4 Nc6 26. Bg3 Nxg3 27. hxg3 Rxe3
28. Rxh5 Re1+ 29. Kd2 Rxf1 30. Rxg5 Ne7 31. Ke2 Rg1 32. Kf2 Rh1 33. Re2 f6 34.
Rg7 Rb1 35. Nd2 Rb4 36. Rexe7 Rxa4 37. Rxc7+ Kb8 38. d5 Bc8 0-1

[Event "AUTO-OPEN-1356"]
[Site "http://www.queenalice.com/game.php?id=502731"]
[Date "2008.12.4"]
[Round "1"]
[White "joaoreis001"]
[Black "HeNri_AnArQuia"]
[Result "1-0"]
[WhiteElo "1879"]
[BlackElo "1644"]

1. e4 e5 2. Nf3 d6 3. Bc4 c6 4. d4 b5 5. Bxf7+ Kxf7 6. d5 c5 7. Ng5+ Ke8 8. Qf3
Nf6 9. Ne6 Bxe6 10. dxe6 h6 11. Nc3 a6 12. Be3 Qe7 13. Qf5 Nc6 14. O-O-O Kd8 15.
Bxc5 Ne8 16. Nd5 Qg5+ 17. Qxg5+ hxg5 18. Bb6+ Kc8 19. Rd3 Nf6 20. f3 g4 21. Be3
Nxd5 22. Rxd5 Nb4 23. Rd2 gxf3 24. gxf3 Nxa2+ 25. Kd1 Nb4 26. h4 g6 27. f4 Nc6
28. Rdh2 Bh6 29. Rf2 Kd8 30. Ke2 Nb4 31. Kf3 Nxc2 32. Rxc2 Rc8 33. Bb6+ Ke7 34.
Rxc8 1-0

[Event "AUTO-OPEN-1356"]
[Site "http://www.queenalice.com/game.php?id=502732"]
[Date "2008.12.4"]
[Round "1"]
[White "HeNri_AnArQuia"]
[Black "joaoreis001"]
[Result "0-1"]
[WhiteElo "1651"]
[BlackElo "1872"]

1. e4 e5 2. Nf3 Nc6 3. c3 Bd6 4. d4 exd4 5. cxd4 b6 6. Bb5 Bb7 7. O-O Nge7 8.
Bg5 f6 9. Be3 O-O 10. a3 a6 11. Bxc6 Bxc6 12. d5 Bb5 13. Re1 c5 14. b3 Qc7 15.
a4 Bc6 16. dxc6 Qxc6 17. Nc3 a5 18. Nd5 Ng6 19. Qd3 Be5 20. Qc4 Kh8 21. Nd2 Bxa1
22. Rxa1 Ne5 23. Qc3 Ng4 24. f3 Nxe3 25. Qxe3 Rae8 26. Rc1 f5 27. Rc4 Re5 28. h3
Qxd5 29. Qc3 fxe4 30. fxe4 Qe6 31. Qd3 Rg5 32. Nf3 Rg3 33. Kf2 Qg6 34. Qf1 Qg5
35. Rc3 Qe5 36. Re3 Rg6 37. Kg1 Rg3 38. Qe1 Qf4 0-1

[Event "AUTO-INT-1151"]
[Site "http://www.queenalice.com/game.php?id=514714"]
[Date "2008.12.30"]
[Round "1"]
[White "oleonearm"]
[Black "HeNri_AnArQuia"]
[Result "0-1"]
[WhiteElo "1290"]
[BlackElo "1693"]

1. d4 d5 2. c4 c6 3. Nc3 dxc4 4. e3 b5 5. Nf3 e6 6. Be2 Bb4 7. O-O Nf6 8. Bd2
Nd5 9. Nxd5 Bxd2 10. Qxd2 exd5 0-1

[Event "AUTO-INT-1151"]
[Site "http://www.queenalice.com/game.php?id=514715"]
[Date "2008.12.30"]
[Round "1"]
[White "HeNri_AnArQuia"]
[Black "oleonearm"]
[Result "1-0"]
[WhiteElo "1695"]
[BlackElo "1288"]

1. e4 e5 2. Nf3 Nc6 3. Bb5 Nf6 4. d3 Be7 5. c3 O-O 6. Bg5 d5 7. exd5 Nxd5 8.
Bxe7 Qxe7 9. O-O Bg4 10. Bxc6 bxc6 11. Nbd2 1-0

[Event "AUTO-INT-1151"]
[Site "http://www.queenalice.com/game.php?id=514730"]
[Date "2008.12.30"]
[Round "1"]
[White "Danado"]
[Black "HeNri_AnArQuia"]
[Result "0-1"]
[WhiteElo "1610"]
[BlackElo "1687"]

1. e4 e5 2. d4 Nc6 3. Nf3 exd4 4. Nxd4 Nxd4 5. Qxd4 Qf6 6. Qxf6 Nxf6 7. Nc3 c6
8. Bd3 Bb4 9. Bd2 Bxc3 10. Bxc3 d6 11. Bxf6 gxf6 12. O-O-O Be6 13. b3 O-O-O 14.
Bc4 Rhg8 15. Bxe6+ fxe6 16. Rd2 Rxg2 17. Rhd1 Kc7 18. f3 Rxd2 19. Rxd2 Rg8 20.
Kb2 Rg5 21. c4 a6 22. Rd1 b5 23. cxb5 axb5 24. a4 Rg2+ 25. Kc3 Rxh2 26. Ra1 Rf2
27. a5 Rxf3+ 28. Kb4 Kb7 29. Rh1 Rf4 30. Rxh7+ Ka6 31. Rc7 c5+ 32. Kc3 Kxa5 33.
Rd7 Rxe4 34. Rxd6 f5 35. Rd3 Rd4 36. b4+ Ka4 37. bxc5 Rc4+ 38. Kb2 Rxc5 39. Ra3+
Kb4 40. Ra6 Re5 41. Rd6 Re2+ 42. Kc1 f4 43. Rd4+ Kc3 44. Rxf4 Re1# 0-1

[Event "AUTO-INT-1151"]
[Site "http://www.queenalice.com/game.php?id=514731"]
[Date "2008.12.30"]
[Round "1"]
[White "HeNri_AnArQuia"]
[Black "Danado"]
[Result "0-1"]
[WhiteElo "1668"]
[BlackElo "1635"]

1. e4 e5 2. Nf3 Nc6 3. c3 Nf6 4. d3 d6 5. Bg5 Be7 6. b4 h6 7. Bh4 Bg4 8. Be2
Bxf3 9. Bxf3 d5 10. Nd2 dxe4 11. Nxe4 Nxe4 12. Bxe7 Nxc3 13. Bxd8 Nxd1 14. Bxc7
Nc3 15. O-O O-O 16. Bxc6 bxc6 17. Bxe5 Nd5 18. Bd6 Rfd8 19. Bc5 Nf4 20. d4 Ne6
21. Rfd1 Rd5 22. Rac1 Rad8 23. Bxa7 Ra8 24. Bb6 Rxa2 25. Rxc6 Nxd4 26. Rc8+ Kh7
27. Kf1 Rb2 28. Rc4 Rb5 29. Bxd4 R2xb4 30. Rxb4 Rxb4 31. Be3 Rb7 32. g3 Rb4 33.
h4 Rb5 34. Rd7 f6 35. Kg2 Kg8 36. Kh3 g5 37. h5 Rb4 38. Rd6 Kf7 39. Bd4 Ke7 40.
Bc5 g4+ 41. Kh4 Rc4 42. Rd4+ Rxc5 43. Rxg4 Kf7 44. Rg6 Rc2 45. f4 Rh2+ 46. Kg4
f5+ 47. Kf3 Rxh5 48. Rc6 Rh1 49. Kg2 Ra1 50. Rxh6 Kg7 0-1

[Event "AUTO-INT-1151"]
[Site "http://www.queenalice.com/game.php?id=514740"]
[Date "2008.12.30"]
[Round "1"]
[White "Archer"]
[Black "HeNri_AnArQuia"]
[Result "1-0"]
[WhiteElo "1619"]
[BlackElo "1713"]

1. e4 e5 2. Nf3 d6 3. d4 exd4 4. Qxd4 Nc6 5. Bb5 Bd7 6. Bxc6 Bxc6 7. O-O Qf6 8.
Bg5 Qxd4 9. Nxd4 f6 10. Be3 Bxe4 11. Ne6 Rc8 12. Nc3 Bc6 13. b4 Bd7 14. Nf4 c6
15. Ne4 d5 16. Nc5 b6 17. Nxd7 Kxd7 18. a3 g5 19. Nh5 Bd6 20. c3 Rf8 21. a4 Be5
22. Ra3 Rf7 23. g3 Ne7 24. b5 c5 25. a5 Bc7 26. a6 c4 27. Raa1 Nf5 28. Bd2 Rg8
29. f4 h6 30. fxg5 fxg5 31. g4 Nd6 32. Rxf7+ Nxf7 33. Nf6+ Ke6 34. Nxg8 Ne5 35.
Re1 Kf7 36. Nxh6+ Kg6 37. Rxe5 Bxe5 38. Ng8 Kf7 39. Nh6+ Kg6 40. Nf5 Kf6 41. Nd4
Bd6 42. Nc6 Ke6 43. Nxa7 Bc5+ 44. Kg2 d4 45. Nc6 dxc3 46. Bxc3 1-0

[Event "AUTO-INT-1151"]
[Site "http://www.queenalice.com/game.php?id=514741"]
[Date "2008.12.30"]
[Round "1"]
[White "HeNri_AnArQuia"]
[Black "Archer"]
[Result "1-0"]
[WhiteElo "1700"]
[BlackElo "1632"]

1. e4 e5 2. Nf3 Qf6 3. c3 Bd6 4. d4 exd4 5. Qxd4 Qxd4 6. cxd4 f6 7. Bc4 Nc6 8.
O-O Bb4 9. a3 Bd6 10. b4 Be7 11. Bf4 d6 12. Bb5 Bd7 13. Nc3 a6 14. Ba4 b5 15.
Bb3 g5 16. Be3 h6 17. d5 Ne5 18. Ne1 h5 19. Bd4 Nc4 20. Bxc4 bxc4 21. Rc1 a5 22.
b5 h4 23. a4 g4 24. Ne2 Rh6 25. Rxc4 f5 26. e5 Bc8 27. e6 Bb7 28. Nf4 g3 29.
Rxc7 Rb8 30. fxg3 hxg3 31. hxg3 Kd8 32. Rd7+ Ke8 33. Ba7 Rc8 34. Rxb7 Nf6 35.
Ned3 Kf8 36. Rb8 Rxb8 37. Bxb8 Ne4 38. Ne2 Bg5 39. Rxf5+ Kg7 40. Rf7+ Kg6 41.
Nef4+ Bxf4 42. Nxf4+ Kg5 43. e7 Nf6 44. Bxd6 Kg4 45. Be5 Kg5 46. Bxf6+ Rxf6 47.
Rxf6 Kxf6 48. e8=Q Kf5 49. Qe6+ Kg5 50. Qg6# 1-0